Economies of scale, location, age, and sex discrimination in household demand.
Rozdiely v miere hospodárnosti a výške nákladov na domácnosť podľa polohy, veku a pohlavia na príklade prieskumu 23000 španielskych domácností. Teória miery hospodárnosti vo vzťahu k výške nákladov. Dôležitosť vplyvu polohy domácnosti, vekového zloženia a pohlavia na mieru hospodárnosti, výšku nákla...
Saved in:
| Main Author: | |
|---|---|
| Format: | Book Chapter |
| Language: | English |
| Subjects: | |
| Tags: |
No Tags, Be the first to tag this record!
|
MARC
| LEADER | 00000naa a2200000 4500 | ||
|---|---|---|---|
| 001 | r007498 | ||
| 005 | 20221130103104.1 | ||
| 041 | 0 | |a eng | |
| 044 | |a NL | ||
| 245 | 1 | 0 | |a Economies of scale, location, age, and sex discrimination in household demand. |c A. Bosch-Doménech |
| 520 | |a Rozdiely v miere hospodárnosti a výške nákladov na domácnosť podľa polohy, veku a pohlavia na príklade prieskumu 23000 španielskych domácností. Teória miery hospodárnosti vo vzťahu k výške nákladov. Dôležitosť vplyvu polohy domácnosti, vekového zloženia a pohlavia na mieru hospodárnosti, výšku nákladov na domácnosť a dopyt. | ||
| 610 | 2 | 0 | |a hospodárnosť |
| 610 | 2 | 0 | |a domácnosti |
| 610 | 2 | 0 | |a náklady |
| 610 | 2 | 0 | |a hospodárnosť |
| 610 | 2 | 0 | |a vek |
| 610 | 2 | 0 | |a výskum ekonomický |
| 610 | 2 | 0 | |a údaje štatistické |
| 610 | 2 | 0 | |a dopyt |
| 610 | 2 | 0 | |a Španielsko |
| 100 | 1 | |a Bosch-Doménech, A. | |